| 000 | 01498nam a22004337a 4500 | ||
|---|---|---|---|
| 001 | 11175203 | ||
| 005 | 20060418100150.0 | ||
| 008 | 740709c19739999ii br p 0 0eng | ||
| 010 | _a 73903540 | ||
| 022 | _a0970-0137 | ||
| 025 | _aI-D-E-1417 | ||
| 030 | _aJSENEI | ||
| 035 | _a(OCoLC)ocm01790507 | ||
| 040 |
_aDLC _cDLC _dOCoLC _dMnMULS _dMH _dOUCA _dOCoLC _dWaU _dDLC |
||
| 042 | _alc | ||
| 050 |
_aTA630 _b.J67 |
||
| 080 | _a624 | ||
| 082 | _a624.105 | ||
| 210 | _aJ. struct. eng. | ||
| 222 | _aJournal of structural engineering | ||
| 245 | _aJournal of structural engineering. | ||
| 260 |
_aChennai _bStructural Engineering Research Centre |
||
| 300 |
_av. _bill. _c29 cm. |
||
| 310 |
_aBimonthly, _b<2005- > |
||
| 321 |
_aBimonthly _b<1973-2004> |
||
| 362 | _av. 1- Apr. 1973- | ||
| 500 | _aLatest issue consulted: Vol. 32, no. 5 (Dec. 2005/Jan. 2006). | ||
| 500 | _aPublished: Chennai : Structural Engineering Research Centre, 2006- | ||
| 590 | _aSERBIB/SERLOC merged record | ||
| 650 |
_aStructural engineering _vPeriodicals. |
||
| 710 | _aStructural Engineering Research Centre. | ||
| 270 | _mkrs@sercm.org | ||
| 365 | _bRs. 750.00 annual | ||
| 906 |
_bcbc _cserials _d4 _encip _f19 _gn-oclcserc |
||
| 942 |
_2ddc _cSR _h624.105 _mJOU _s1 |
||
| 999 |
_c23133 _d23133 |
||